000 00495nam a22001817a 4500
005 20250911113558.0
008 250909b |||||||| |||| 00| 0 eng d
020 _a978-93-92140-98-3
041 _aeng
082 _a347.06 LAL-B
100 _aLAL, BATUK
_97380
245 _aTHE BHARTIYA SAKSHYA ADHINIYAM 2023 [ACT.NO-47 OF 2023] 25TH ED.
250 _a25TH ED. 202
260 _aPRAYAGRAJ
_bCENTRAL LAW AGENCY
_c2025
300 _a651;P
650 _aLEGAL STUDIES
_98608
942 _cBK
999 _c8809
_d8807